书目信息 |
| 题名: |
遏制腐败犯罪的对策研究
|
|
| 作者: | 甄贞 主编 ;杜邈 撰稿 | |
| 分册: | ||
| 出版信息: | 北京 法律出版社 2015.1 |
|
| 页数: | 184页 | |
| 开本: | 23cm | |
| 丛书名: | 首都检察文库 | |
| 单 册: | ||
| 中图分类: | D924.304 | |
| 科图分类: | ||
| 主题词: | 职务犯罪--Zhi Wu Fan Zui--预防犯罪--研究--中国 , 预防犯罪--Yu Fang Fan Zui , 研究--Yan Jiu , 中国--Zhong Guo | |
| 电子资源: | ||
| ISBN: | 978-7-5118-7167-1 | |
| 000 | 01068nam0 22003011 450 | |
| 001 | 0101082516 | |
| 005 | 20161201102911.78 | |
| 010 | @a978-7-5118-7167-1@dCNY32.00 | |
| 100 | @a20150312d2015 em y0chiy50 ea | |
| 101 | 0 | @achi |
| 102 | @aCN@b110000 | |
| 105 | @ay z 000yy | |
| 106 | @ar | |
| 200 | 1 | @a遏制腐败犯罪的对策研究@AE Zhi Fu Bai Fan Zui De Dui Ce Yan Jiu@f甄贞主编@g杜邈[等]撰稿 |
| 210 | @a北京@c法律出版社@d2015.1 | |
| 215 | @a184页@d23cm | |
| 225 | 2 | @a首都检察文库@AShou Du Jian Cha Wen Ku@v27 |
| 330 | @a本书从制度建设、权力监督、刑事实体法的完善、特殊侦查措施、司法改进、国际刑事司法协助等多个层面对遏制腐败犯罪的对策进行了全方位的理论探讨。 | |
| 461 | 0 | @12001 @a首都检察文库 |
| 606 | 0 | @a职务犯罪@AZhi Wu Fan Zui@x预防犯罪@x研究@y中国 |
| 606 | 0 | @a预防犯罪@AYu Fang Fan Zui |
| 606 | 0 | @a研究@AYan Jiu |
| 606 | 0 | @a中国@AZhong Guo |
| 690 | @aD924.304@v5 | |
| 701 | 0 | @a甄贞@AZhen Zhen@c(女,@f1958~)@4主编 |
| 702 | 0 | @a杜邈@ADu Miao@f(1983~)@4撰稿 |
| 801 | 0 | @aCN@bTANGWEI@c20161128 |
| 905 | @b0952072-6@dD924.304@e637@f5 | |
| 遏制腐败犯罪的对策研究/甄贞主编/杜邈[等]撰稿 .-北京:法律出版社,2015.1 |
| 184页;23cm.-(首都检察文库;27) |
| ISBN 978-7-5118-7167-1:CNY32.00 |
| 本书从制度建设、权力监督、刑事实体法的完善、特殊侦查措施、司法改进、国际刑事司法协助等多个层面对遏制腐败犯罪的对策进行了全方位的理论探讨。 |
| ● |
| 相关链接 |
|
|
|
|
正题名:遏制腐败犯罪的对策研究
索取号:D924.304/637
 
预约/预借
| 序号 | 登录号 | 条形码 | 馆藏地/架位号 | 状态 | 备注 |
| 1 | 0952072 | 209520721 | 第一样本阅览室/ [索取号:D924.304/637] | 在馆 | |
| 2 | 0952073 | 209520730 | 密集书库-史法系/ [索取号:D924.304/637] | 在馆 | |
| 3 | 0952074 | 209520749 | 第一借阅区/ [索取号:D924.304/637] | 在馆 | |
| 4 | 0952075 | 209520758 | 第一借阅区/ [索取号:D924.304/637] | 在馆 | |
| 5 | 0952076 | 209520767 | 第一借阅区/ [索取号:D924.304/637] | 在馆 |